00813nam a2200217 a 450000100100000000500170001000800410002704000250006808200130009310000360010624000440014224501000018626000520028630000210033850000220035970000380038170000330041904900090045295201170046199900170057800002416720200930022756.0110119s1964 xxu 001 0 spa d aDO-SdBNPbspacBNPHU ann*bnn*1 aAnderson, Stanley Edwin.94962810aSlimming the vegetarian way.lEspañol11a¡Su bautismo es importante! /cStanley Edwin Anderson ; prólogo F. Townley Lord, J. D. Grey. aTexas :bCasa Bautista de Publicaciones,c1964. a220 p. ;c19 cm. aIncluye índice.1 aTownley Lord, F.,epról.9496291 aGrey, J. D.,epról.949630 aBNGR 001054708MOaGRbGRcCTd2011-01-19iLF1l0onn* nn*p24167-10r2020-06-25w2020-06-25y4ZPréstamo en sala c23661d23661